Widok standardowy
Widok MARC
Pozycja Topical Term
Liczba rekordów, w których użyto hasła: 2
001 - Numer kontrolny
- control field: 39605
003 - Identyfikator numeru kontrolnego
- control field: NUKAT
005 - Data i czas ostatniej modyfikacji
- control field: 20260407215852.0
008 - Dane kontrolne kodowane (40 znaków)
- fixed length control field: 050120n||azznnbabn |a ana |
010 ## - Numer kontrolny Biblioteki Kongresu
- numer kontrolny LC: p 2004319237
035 ## - Numer systemowy
- numer systemowy: a12054732
035 ## - Numer systemowy
- numer systemowy: (PL)a0000001205473
040 ## - Instytucja sporządzająca rekord
- inst. przygot. dane do rek. khw: WA N
- język haseł przedmiotowych/tezaurus: DBN
- inst. wprow. rek. khw: WA N
072 ## - Kod kategorii przedmiotu
- kod kategorii przedmiotu: 29
150 ## - Hasło - nazwa pospolita
- nazwa posp. lub nazwa geogr. na pocz.: Serce Jezusa
450 ## - Trop zob. - nazwa pospolita
- nazwa posp. lub nazwa geogr. na pocz.: Sacred Heart
450 ## - Trop zob. - nazwa pospolita
- nazwa posp. lub nazwa geogr. na pocz.: Najświętsze Serce Pana Jezusa
500 0# - Trop zob. też - nazwa osobowa
- nazwa osobowa (nazwisko, imiona): Jezus Chrystus
550 ## - Trop zob. też - nazwa pospolita
- nazwa posp. lub nazwa geogr. na pocz.: Akt poświęcenia Polski Najświętszemu Sercu Jezusa (1921)
550 ## - Trop zob. też - nazwa pospolita
- nazwa posp. lub nazwa geogr. na pocz.: Nabożeństwo czerwcowe
550 ## - Trop zob. też - nazwa pospolita
- nazwa posp. lub nazwa geogr. na pocz.: Nabożeństwo pierwszych piątków miesiąca
550 ## - Trop zob. też - nazwa pospolita
- nazwa posp. lub nazwa geogr. na pocz.: Szkaplerz Najświętszego Serca Jezusa
550 ## - Trop zob. też - nazwa pospolita
- nazwa posp. lub nazwa geogr. na pocz.: Uroczystość Najświętszego Serca Pana Jezusa
682 ## - Informacja o usuniętym haśle
- tekst wyjaśniający: zatwierdzone